1790 1160 1535 1769 1820 1236 1791 1830 1103 1645 1262 1678 1233 1107 1750 1769 1831 1693 1726 1584 1201 1096 1103 1292 1107 1671 1853 1856 1775 1194 1321 1062 1893 1518 1215 1164 1923 1409 1187 1232 1640 1666 1252 1577 1484 1551 1734 1957 1368 1245 1576 1001 1670 1524 1112 1152 1659 1244 1339 1938 1592 1628 1101 1954 1059 1054 1607 1134 1466 1133 1414 1331 1104 1985 1397 1266 1410 1316 1479 1982 1467 1173 1091 1351 1966 1137 1771 1453 1044 1318 1359 1431 1478 1281 1015 1495 1298 1558 1977 BCNSPRNW ULIB Ver.6.0+V

เปลี่ยนเป็นภาษาไทย

Change to English
 แสดงรายละเอียดบรรณานุกรม
  กลับหน้าหลัก

Brief Record : Get Marc (ISO 2709) : E-mail record : QR code < ปิดหน้าต่าง
LEADER : 00000nam 2200000uu 4500
001    13399120615
003     ULIB
008    120928s2550||||th 000 0 tha d
020    9789748232355
060 04 ^aWY161^bร765ก 2550
100 0  ^aเรณู อาจสาลี
245 10 ^aการพยาบาลผู้ที่มารับการผ่าตัด =^bPerioperative nursing /^cเรณู อาจสาลี
246 31 ^aPerioperative nursing
250    ^aพิมพ์ครั้งที่ 1
260    ^aกรุงเทพฯ :^bเอ็น พี เพรส,^c2550
300    ^a184หน้า :^bภาพประกอบ ;^c21 ซม.
650  7 ^aการพยาบาลศัลยศาสตร์
650  7 ^aการพยาบาลทางห้องผ่าตัด
650  7 ^aยาระงับความระงับความรู้สึก
945    ^p80^l0^i15201
945    ^p80^l0^i15665
945    ^p80^l0^i15666
995    ^aวิภา
999 ^a ใช้งานได้ทุกระบบ
รายการนี้ยังไม่มีแท็ก
คุณยังไม่ได้ล็อกอิน คุณสามารถมีกิจกรรมร่วมกับเว็บไซต์ได้ แต่ต้องล็อกอินก่อน ::
  ล็อกอิน

รายการสื่อสารสนเทศ

ลำดับที่ ประเภท เลขเรียก/บาร์โค้ด สถานที่ สถานะ
- ไม่พบข้อมูล -

รายการใกล้เคียง
    ผู้แต่ง [เรณู อาจสาลี]

    หัวเรื่อง [การพยาบาลศัลยศาสตร์]
    หัวเรื่อง [การพยาบาลทางห้องผ่าตัด]
    หัวเรื่อง [ยาระงับความระงับความรู้สึก]

BibComment


ยังไม่เคยถูกคอมเมนท์

คอมเมนท์ทรัพยากรรายการนี้
  คอมเมนท์: การพยาบาลผู้ที่ม..


 Copyright 2026. Bcnsprnw @Library